00379nam a2200145Ia 4500008004100000020001400041041001200055082001100067100001900078245007300097250000800170260003300178300000800211650001400219221030s9999 xx 000 0 und d a812652448 aEnglish a105.23 aT. W. Anderson 3aAn Introduction to Multivariate Statical Analysiscby T. W. Anderson a3rd bWiley IndiaaNew Delhic2011 a721 aComputers